| 000 | 00454nam a2200181Ia 4500 | ||
|---|---|---|---|
| 005 | 20250603145522.0 | ||
| 008 | 250603s9999 xx 000 0 und d | ||
| 020 | _a9783031057021 | ||
| 050 | _aTN 705 .G66/ | ||
| 100 | _aGonzalez V. Jose Ignacio et al. | ||
| 245 | 0 | _aPhysical metallurgy and heat treatment of steel | |
| 260 | _aSwitzerland | ||
| 260 | _bSpringer | ||
| 260 | _c2023 | ||
| 300 | _a332 p | ||
| 650 | _aSwitzerland | ||
| 942 | _cBK | ||
| 999 |
_c42093 _d42093 |
||